[Event "Regionalliga SO9596"]
[Site "Bayern"]
[Date "1996.??.??"]
[Round "?"]
[White "Besner, Bernhard"]
[Black "Grimm, Markus"]
[Result "1/2-1/2"]
[WhiteElo "2020"]
[BlackElo "1880"]

1.e4 d5 2.exd5 Qxd5 3.Nc3 Qd8 4.d4 g6 5.Nf3 Bg7 6.Bc4 Nf6 7.h3 Nbd7 8.Bxf7+ Kxf7
9.Ng5+ Kg8 10.Ne6 Qe8 11.Nxc7 Qd8 12.Nxa8 b6 13.Qe2 Nf8 14.O-O Be6 15.Qf3 Nd5
16.Re1 Nxc3 17.Rxe6 Nxe6 18.bxc3 Bf6 19.Qc6 Kf7 20.d5 Nc5 21.Nc7 Bxc3 22.Rb1 Qc8
23.Ba3 Be5 24.Bb2 Qf5 25.Bxe5  1/2-1/2

[Event "Budapest FS09 GM"]
[Site "Budapest"]
[Date "1996.??.??"]
[Round "10"]
[White "Varga, Zoltan"]
[Black "Kalinitschew, Sergey"]
[Result "0-1"]
[WhiteElo "2450"]
[BlackElo "2515"]

1.e4 d5 2.exd5 Qxd5 3.Nc3 Qd6 4.d4 Nf6 5.Bc4 a6 6.Nf3 e6 7.Qe2 b5 8.Bb3 Bb7
9.Be3 Nbd7 10.O-O-O Be7 11.Rhg1 c5 12.dxc5 Qc7 13.Kb1 Nxc5 14.g4 Nxb3 15.axb3 Nd5
16.Nxd5 Bxd5 17.g5 O-O 18.h4 a5 19.Nd4 a4 20.Nxb5 Qb7 21.Rg3 axb3 22.cxb3 Be4+
23.Kc1 Bb4  0-1

[Event "JUG-chT"]
[Site "Budva"]
[Date "1996.??.??"]
[Round "4"]
[White "Pikula, Dejan"]
[Black "Vukovic, Zdravko"]
[Result "1/2-1/2"]
[WhiteElo "2455"]
[BlackElo "2475"]

1.e4 d5 2.exd5 Qxd5 3.Nc3 Qd8 4.d4 Nf6 5.Bc4 c6 6.Nf3 b5 7.Bb3 e6 8.O-O Be7
9.Bg5 O-O 10.Re1 a5 11.a3 Nbd7 12.Ne5 Bb7 13.Qf3 Nxe5 14.dxe5 Nd7 15.Bf4 Nc5
16.Qg4 Re8 17.Rad1 Qc7 18.Bh6 g6 19.Ba2 b4 20.Ne4 Nxe4 21.Rxe4 Red8 22.Rde1 c5
23.Rf4 Rd4 24.h4 Rxf4 25.Qxf4 Rd8 26.Bg5 Rd4 27.Qg3 h5 28.f3 Qd8 29.Bf6 Bxf6
30.exf6 Qxf6 31.Qb8+ Kg7 32.Qxb7 Qxh4 33.Rf1 Qf4 34.Kh1 Qh4+ 35.Kg1 Qf4 36.Kh1 Qe3
37.f4 Rxf4 38.Rxf4 Qc1+ 39.Kh2 Qxf4+ 40.g3 Qe5 41.axb4 axb4 42.c3 bxc3 43.bxc3 Qe2+
44.Qg2 Qe5 45.Qf3 h4 46.Bc4 f5 47.Kh3 hxg3 48.Qb7+ Kh6 49.Qe7 Qxc3 50.Qh4+ Kg7
51.Qe7+ Kh6  1/2-1/2

[Event "Cannes op"]
[Site "Cannes"]
[Date "1996.??.??"]
[Round "4"]
[White "Aronian, Levon"]
[Black "Collas, Didier"]
[Result "1/2-1/2"]
[WhiteElo "2310"]
[BlackElo "2380"]

1.e4 d5 2.exd5 Qxd5 3.Nc3 Qd8 4.d4 Nf6 5.Nf3 Bg4 6.h3 Bxf3 7.Qxf3 c6 8.Be3 e6
9.Bd3 Nbd7 10.O-O Be7 11.Rad1 Qa5 12.Qg3 O-O 13.Qh4 Qh5 14.Qxh5 Nxh5 15.Ne4 Nhf6
16.c3 Nxe4 17.Bxe4 Nf6 18.Bf3  1/2-1/2

[Event "Catalunya-chT"]
[Site "Catalunya"]
[Date "1996.??.??"]
[Round "?"]
[White "Ayas, Antonio"]
[Black "De la Riva Aguado, Jorge"]
[Result "0-1"]
[WhiteElo "2325"]
[BlackElo "2280"]

1.e4 d5 2.exd5 Qxd5 3.Nc3 Qd6 4.d4 c6 5.Bc4 Nf6 6.Nge2 Bg4 7.f3 Bf5 8.Bf4 Qb4
9.Bb3 e6 10.Qd2 Be7 11.g4 Bg6 12.O-O-O Nbd7 13.h4 h5 14.g5 Nd5 15.Rhe1 O-O-O
16.a3 Qa5 17.Nxd5 Qxd2+ 18.Rxd2 exd5 19.Ng3 Bf8 20.Rde2 Nb6 21.c3 Nc4 22.Bxc4 dxc4
23.Re8 f6 24.Rxd8+ Kxd8 25.gxf6 gxf6 26.Rg1 Ke7 27.Nf1 Bd3 28.Ne3 Kf7 29.Kd2 Be7
30.b3 b5 31.bxc4 bxc4 32.a4 Rd8 33.Nd1 c5 34.Be3 Bf5 35.Nb2 Be6 36.Kc1 cxd4
37.Bxd4 a6 38.Nd1 Rb8 39.Ne3 Ba3+ 40.Kd2 Rb2+ 41.Ke1 Bd6 42.a5 Ra2 43.Bb6 Be5
44.Rg2 Bxc3+ 45.Kd1 Ra1+ 46.Kc2 Be5 47.Rd2 f5 48.Rd8 f4 49.Nd5 Ra2+ 50.Kc1 c3
51.Nb4 Ra1+ 52.Kc2 Bf5+ 53.Kb3 Rb1+  0-1

[Event "Cetinje"]
[Site "Cetinje"]
[Date "1996.??.??"]
[Round "?"]
[White "Manakova, Maria"]
[Black "Vukovic, Zdravko"]
[Result "1/2-1/2"]
[WhiteElo "2290"]
[BlackElo "2475"]

1.e4 d5 2.exd5 Qxd5 3.Nc3 Qd8 4.Nf3 Nf6 5.h3 c6 6.d4 Bf5 7.Bc4 e6 8.Bf4 Nbd7
9.Qe2 Be7 10.O-O O-O 11.Rfe1 Nb6 12.Bb3 a5 13.a4 Nbd5 14.Nxd5 cxd5 15.c3 Qb6
16.Bc2 Bg6 17.Ne5 Bxc2 18.Qxc2 Rfc8 19.Qe2 Qa6 20.Bg5 Qxe2 21.Rxe2 Ra6 22.Nd3 Bd6
23.Bxf6 gxf6 24.f4 f5 25.Kf2 Rb8 26.Kf3 h5 27.g4 hxg4+ 28.hxg4 fxg4+ 29.Kxg4 Kg7
30.Kf3 Rh8 31.Rg2+ Kf6 32.Nf2 Rb6 33.Re1 Rh4 34.Ng4+ Ke7 35.Ree2 Rh3+ 36.Rg3 Rh1
37.Ne3 Kf8 38.Rgg2 Ra1 39.f5 Rxa4 40.fxe6 fxe6 41.Rg6 Kf7 42.Rxe6 Kxe6 43.Nc4+ Kf5
44.Nxb6 Ra1 45.Nxd5 Rf1+ 46.Kg2 Rc1 47.c4 Kg5 48.c5 Bxc5 49.dxc5 Rxc5 50.Re5+ Kh6
51.Kf3 Rb5 52.Kf4 Rxb2 53.Kf5 a4 54.Re6+ Kg7 55.Rg6+  1/2-1/2

[Event "CZE-chT 9596"]
[Site "?"]
[Date "1996.??.??"]
[Round "1"]
[White "Manik, Mikulas"]
[Black "Sabol, Marian"]
[Result "1/2-1/2"]
[WhiteElo "2345"]
[BlackElo "2240"]

1.e4 d5 2.exd5 Qxd5 3.Nc3 Qd8 4.d4 c6 5.Bc4 Nf6 6.Nf3 Bf5 7.Ne5 e6 8.g4 Bg6
9.h4 Nbd7 10.Nxd7 Qxd7 11.h5 Be4 12.Nxe4 Nxe4 13.f3 Nf6 14.c3 Bd6 15.Qe2 Bg3+
16.Kf1 Qd6 17.Kg2 Bf4 18.Bxf4 Qxf4 19.Rae1 O-O-O 20.Qe5 Qxe5 21.Rxe5 h6 22.Kg3 Nd7
23.Re2 c5 24.dxc5 Nxc5 25.b4 Nd7 26.a4 Nb6 27.Bb3 Rd3 28.a5 Nd5 29.Rc1 Kb8
30.Bxd5 Rxd5 31.c4 Rd4 32.Re4 Rhd8 33.Rxd4 Rxd4 34.b5 Kc7 35.c5 a6 36.bxa6 bxa6
37.Rb1 Rc4 38.Rb6 Rxc5 39.Rxa6 Kb7 40.Rd6 Kc7  1/2-1/2

[Event "FRA-ch"]
[Site "France"]
[Date "1996.??.??"]
[Round "2"]
[White "Marciano, David"]
[Black "Prie, Eric"]
[Result "0-1"]
[WhiteElo "2480"]
[BlackElo "2480"]

1.e4 d5 2.exd5 Qxd5 3.Nc3 Qd6 4.d4 Nf6 5.Bc4 a6 6.Nf3 Bg4 7.h3 Bh5 8.Qe2 Nc6
9.Be3 Na5 10.g4 Qc6 11.Bd3 Bg6 12.Bxg6 hxg6 13.O-O-O Nd5 14.Nxd5 Qxd5 15.b3 e6
16.c4 Ba3+ 17.Kb1 Qe4+ 18.Ka1 f6 19.d5 exd5 20.Rd4 Qe7 21.cxd5 Bc5 22.Rd3 O-O-O
23.Qc2 Bxe3 24.Rxe3 Qd6 25.Rc1 Rd7 26.Rc3 Rxh3 27.b4 Nc4 28.Rxc4 Rxf3 29.Qxg6 Qe5+
30.Kb1 Rxf2 31.R4c3 Kb8 32.Qh5 Qxh5 33.gxh5 Rf5 34.d6 cxd6 35.Rc8+ Ka7 36.Rh8 Rf2
37.Re1 Rh2 38.Ree8 Kb6 39.a4 Rh4 40.Kb2 Rxb4+  0-1

[Event "Geneve op"]
[Site "Geneve"]
[Date "1996.??.??"]
[Round "8"]
[White "Maksimenko, Andrei"]
[Black "Sokolov, Andrei"]
[Result "1/2-1/2"]
[WhiteElo "2545"]
[BlackElo "2580"]

1.e4 d5 2.exd5 Qxd5 3.Nc3 Qd8 4.d4 Nf6 5.Bc4 Nbd7 6.Nf3 e6 7.Qe2 Nb6 8.Bd3 h6
9.Bd2 Bd7 10.Ne5 Bd6 11.Qf3 Nbd5 12.Nxd5 exd5 13.Nxd7 Qxd7 14.O-O Qg4 15.Rfe1+ Kf8
16.Qxg4 Nxg4 17.f3 Nf6 18.b3 g5 19.c4 c6 20.g3 Ne8 21.Re2 Be7 22.cxd5 cxd5
23.Rc1 Bf6 24.Kg2 Kg7 25.Bb4 a5 26.Bc5 Nc7 27.Bf8+ Rhxf8 28.Rxc7 b6 29.Re6 a4
30.Rxb6 axb3 31.axb3 Rab8 32.Rxb8 Rxb8 33.Bf5 Rxb3 34.Be6 Bxd4 35.Rxf7+ Kg6
36.Rd7 Rb2+ 37.Kh3 Bg1 38.Bf7+ Kf6 39.Kg4 Rxh2 40.f4 gxf4 41.Bxd5 fxg3 42.Kxg3 Rb2
43.Rf7+  1/2-1/2

[Event "Bundesliga 9596"]
[Site "Germany"]
[Date "1996.??.??"]
[Round "?"]
[White "Lau, Ralf"]
[Black "Mann, Christian"]
[Result "1-0"]
[WhiteElo "2490"]
[BlackElo "2445"]

1.e4 d5 2.exd5 Qxd5 3.Nc3 Qd6 4.d4 Nf6 5.Nf3 Bg4 6.h3 Bxf3 7.Qxf3 Nc6 8.Be3 e6
9.O-O-O O-O-O 10.a3 Be7 11.Bc4 Na5 12.Ba2 Qa6 13.d5 Nc4 14.Bxc4 Qxc4 15.Rd4 Qa6
16.Ra4 Qd6 17.dxe6 Qxe6 18.Rxa7 c6 19.Bb6 Kb8 20.Qf4+ Rd6 21.Qa4  1-0

[Event "NRW-Liga II 9596"]
[Site "Germany"]
[Date "1996.??.??"]
[Round "?"]
[White "Rott, Georg"]
[Black "Lotzien, Hans"]
[Result "1-0"]
[WhiteElo "2095"]
[BlackElo "2280"]

1.e4 d5 2.exd5 Qxd5 3.Nc3 Qd8 4.d4 Nf6 5.Bf4 Bf5 6.Nf3 c6 7.Ne5 Nbd7 8.Bd3 Bxd3
9.Qxd3 e6 10.O-O Nxe5 11.Bxe5 Be7 12.Qf3 O-O 13.Rfd1 Rc8 14.Rd3 Qa5 15.a3 Qb6
16.Na4 Qd8 17.Rad1 b6 18.c4 b5 19.cxb5 cxb5 20.Nc3 Qb6 21.Qe2 a6 22.d5 exd5
23.Nxd5 Nxd5 24.Rxd5 Qe6 25.Qd2 Rc5 26.Rxc5 Bxc5 27.Qc3 Rc8 28.Qxc5 f6 29.Bc7 Re8
30.h3 h6 31.Ba5 Qe2 32.Re1 Qxe1+ 33.Bxe1 Rxe1+ 34.Kh2 Re6 35.Qd5 Kf7 36.f4 Ke7
37.Qb7+ Kf8 38.Qc8+ Kf7 39.f5 Re5 40.b4 h5 41.Qb7+ Kg8 42.Qxa6 Kh7 43.g4 h4
44.a4 bxa4 45.Qxa4 Re2+ 46.Kg1 Re3 47.Kg2 Re2+ 48.Kf1 Re3 49.b5 Rxh3 50.b6 Rh1+
51.Kg2 Rb1 52.Qd4 Rb3 53.Kh2 Kh6 54.Qf4+ Kh7 55.Qc7 Rb2+ 56.Kh3 Rc2  1-0

[Event "BL2-O9596"]
[Site "Germany"]
[Date "1996.??.??"]
[Round "?"]
[White "Gerber, Peter"]
[Black "Braun, Gottfried"]
[Result "0-1"]
[WhiteElo "2240"]
[BlackElo "2330"]

1.e4 d5 2.exd5 Qxd5 3.Nc3 Qd6 4.d4 c6 5.Bc4 Nf6 6.Nge2 Bf5 7.Bf4 Qd8 8.Ng3 Bg6
9.h4 h6 10.h5 Bh7 11.Be5 Nbd7 12.Qe2 e6 13.O-O-O Qa5 14.f4 O-O-O 15.f5 Nxe5
16.dxe5 Nd5 17.Nxd5 cxd5 18.Bb3 Be7 19.Kb1 Bg5 20.Qg4 Rhe8 21.Rd4 Kb8 22.Rhd1 Rc8
23.a3 Qb6 24.Ka2 Re7 25.Rb4 Qe3 26.c4 Qxe5 27.fxe6 Bf6 28.Rd2 fxe6 29.Re2 Qd6
30.cxd5 Rc1 31.Ne4 Bxe4 32.Rbxe4 e5 33.Rc4 Rc7 34.Rxc1 Rxc1 35.Qe6 Kc7 36.Qf7+ Kb6
37.Re4 a5 38.Qe8 Qc5 39.Qe6+ Ka7 40.Ra4 e4 41.Bc4 Rxc4  0-1

[Event "Landesliga N9596 Bayern"]
[Site "Germany"]
[Date "1996.??.??"]
[Round "?"]
[White "Kreuzer, Martin"]
[Black "Sattler, Stefan"]
[Result "1-0"]
[WhiteElo "2330"]
[BlackElo "2060"]

1.e4 d5 2.exd5 Qxd5 3.Nc3 Qd6 4.d4 Nf6 5.Bd3 a6 6.Nge2 Nc6 7.Bf4 e5 8.dxe5 Nxe5
9.O-O Be7 10.Ng3 Bg4 11.Qd2 Nfd7 12.Rfe1 f6 13.Qe3 g6 14.h3 Be6 15.Nge4 Qb6
16.Qxb6 cxb6 17.Be2 O-O-O 18.Rad1 Nc5 19.Ng5 Bg8 20.Bxe5 Rxd1 21.Bxd1 fxe5
22.Nf3 e4 23.Nxe4 Nxe4 24.Rxe4 Bf6 25.b3 Bd5 26.Re3 Rd8 27.Be2 Kc7 28.Bd3 Bc6
29.Ne5 Re8 30.Ng4 Rxe3 31.fxe3 Bg7 32.Nf2 b5 33.Be2 b6 34.Bf3 Bd7 35.Kf1 Kd6
36.Ke2 Kc5 37.Nd3+ Kd6 38.Be4 Bc3 39.Kf3 b4 40.h4 Bb5 41.Nf4 Be1 42.g3 Bd7
43.Nd3 Bc3 44.g4 Be8 45.g5 Bf7 46.h5 gxh5 47.Bxh7 Be6 48.Nf2 Bg7 49.Bd3 a5
50.Kg3 Ke7 51.Kh4 Bg4 52.Nxg4 hxg4 53.Kxg4 Kf8 54.Kf5 Bc3 55.e4 Bd4 56.Ke6  1-0

[Event "ROM-chT"]
[Site "Herculane"]
[Date "1996.??.??"]
[Round "?"]
[White "Stoica, Valentin"]
[Black "Mozes, Ervin"]
[Result "1-0"]
[WhiteElo "2460"]
[BlackElo "2405"]

1.e4 d5 2.exd5 Qxd5 3.Nc3 Qd6 4.d4 Nf6 5.Nf3 a6 6.Ne5 Nc6 7.Nxc6 Qxc6 8.Be3 e6
9.a3 Bd6 10.Be2 Qxg2 11.Bf3 Qh3 12.Qe2 h6 13.O-O-O O-O 14.Rhg1 Kh8 15.Rg2 Rb8
16.Rdg1 Rg8 17.Kb1 Bd7 18.Be4 Nxe4 19.Nxe4 Bxh2 20.Ng5 hxg5 21.Rh1  1-0

[Event "Linz Siemens"]
[Site "Linz"]
[Date "1996.??.??"]
[Round "6"]
[White "Rolletschek, Heinrich"]
[Black "Weiss, Christian"]
[Result "1-0"]
[WhiteElo "2320"]
[BlackElo "2290"]

1.e4 d5 2.exd5 Qxd5 3.Nc3 Qd6 4.d4 Nf6 5.Bc4 Bg4 6.f3 Bf5 7.Nge2 e6 8.Bf4 Qd8
9.O-O c6 10.Qd2 Nbd7 11.Ng3 Bg6 12.Bb3 Be7 13.Nce4 Nxe4 14.Nxe4 O-O 15.Rad1 a5
16.c3 a4 17.Bc2 Qb6 18.Bb1 Rfd8 19.Qf2 Bxe4 20.Bxe4 f5 21.Bb1 e5 22.Rfe1 Ra5
23.Be3 exd4 24.Bxd4 Bc5 25.Bxf5 Bxd4 26.Be6+ Kh8 27.Qxd4  1-0

[Event "Litomysl op"]
[Site "Litomysl"]
[Date "1996.??.??"]
[Round "5"]
[White "Valenta, Vit"]
[Black "Jirovsky, Milos"]
[Result "1/2-1/2"]
[WhiteElo "2285"]
[BlackElo "2445"]

1.e4 d5 2.exd5 Qxd5 3.Nc3 Qd6 4.Bc4 Nf6 5.Nge2 a6 6.Bb3 b5 7.d4 Bb7 8.Bf4 Qd7
9.f3 e6 10.Be3 Be7 11.Ng3 Nc6 12.Nce4 O-O-O 13.c3 Nd5 14.Bf2 h5 15.Ne2 Na5
16.Qc2 Nf6 17.Nd2 h4 18.h3 Bd6 19.a4 b4 20.Nc4 Nxc4 21.Bxc4 Rh5 22.Qd2 c5
23.Nf4 Rf5 24.Nd3 bxc3 25.bxc3 cxd4 26.cxd4 Bg3 27.Rc1 Kb8 28.O-O Bxf2+ 29.Nxf2 Qxd4
30.Qb4 Nd5 31.Qb3 Rd6 32.Bxd5 Qxd5 33.Qc3 Qa5 34.Qxg7 Rb6 35.Qh8+ Ka7 36.Qxh4 Rd5
37.Rb1 Rxb1 38.Rxb1 Qc5 39.Qf4 f5 40.Re1 a5 41.h4 e5 42.Qg5 f4 43.h5 Qc3
44.Rb1 Qc2 45.Qg6 Qxg6 46.hxg6 Bc6 47.Re1 Rd6 48.Ng4 Bxa4 49.g7 Bb3 50.Rb1 Bg8
51.Nxe5 a4 52.Ra1 Ra6  1/2-1/2

[Event "Wch U18"]
[Site "Menorca"]
[Date "1996.??.??"]
[Round "2"]
[White "Krakops, Maris"]
[Black "Kerek, Krisztian"]
[Result "1-0"]
[WhiteElo "2440"]
[BlackElo "2305"]

1.e4 d5 2.exd5 Qxd5 3.Nc3 Qd6 4.d4 Nf6 5.Bc4 a6 6.Bb3 Nc6 7.Nge2 e6 8.Bf4 Qd7
9.Qd3 Be7 10.O-O-O Na5 11.Be5 O-O 12.Qg3 b5 13.Nf4 Bb7 14.d5 Nxb3+ 15.axb3 b4
16.Bxf6 Bxf6 17.Nh5 Qd6 18.Nxf6+ Kh8 19.Qh4 gxf6 20.Qxf6+ Kg8 21.Rd3 Rfe8
22.Ne4  1-0

[Event "Moscow-ch"]
[Site "Moscow"]
[Date "1996.??.??"]
[Round "3"]
[White "Fedorov, Vladislav"]
[Black "Hramtsov, A."]
[Result "1/2-1/2"]
[WhiteElo "2430"]
[BlackElo "2350"]

1.e4 d5 2.exd5 Qxd5 3.Nc3 Qd8 4.d4 Nf6 5.Bc4 Bg4 6.Nce2 c6 7.c3 e6 8.Qb3 b5
9.Bd3 a5 10.h3 a4 11.Qc2 Bh5 12.Nf4 Bg6 13.Nxg6 hxg6 14.Nf3 Be7 15.Ne5 Nfd7
16.Nf3 Bf6 17.O-O O-O 18.Qe2 Na6 19.Be4 Rc8 20.b3 Nab8 21.Be3 Qa5 22.Bd2 Qc7
23.bxa4 bxa4 24.Rab1 Nb6 25.c4 N8d7 26.Be3 c5 27.d5 exd5 28.cxd5 Rfe8 29.Qc2 Qa7
30.Rfe1 Bd4 31.d6 Bxe3 32.fxe3 Nf6 33.Bd3 c4 34.Bf1 Nbd5 35.Kh1 Nxe3 36.Qf2 Ne4
37.Qh4 Nf5 38.Qf4 Nf2+ 39.Kh2 Nd1 40.Rexd1 Qe3 41.Qg4 Red8 42.d7 Rb8 43.Bxc4 Qc5
44.Qf4 Qe3 45.Qg4 Qc5 46.Qf4 Qe3 47.Qc7 Qb6 48.Qf4 Qe3  1/2-1/2

[Event "JUG-chT"]
[Site "Niksic"]
[Date "1996.??.??"]
[Round "?"]
[White "Knezevic, Bojan"]
[Black "Miljanic, Boro"]
[Result "1/2-1/2"]
[WhiteElo "2380"]
[BlackElo "2425"]

1.e4 d5 2.exd5 Qxd5 3.Nc3 Qd8 4.d4 Nf6 5.Nf3 c6 6.Bc4 b5 7.Bb3 e6 8.O-O Be7
9.Ne2 O-O 10.c3 Nbd7 11.Nf4 Nd5 12.Re1 Bd6 13.Nxd5 cxd5 14.Qd3 b4 15.Bc2 g6  1/2-1/2

[Event "JUG-chT"]
[Site "Niksic"]
[Date "1996.??.??"]
[Round "?"]
[White "Marinkovic, Ivan"]
[Black "Vukovic, Zdravko"]
[Result "1/2-1/2"]
[WhiteElo "2505"]
[BlackElo "2475"]

1.e4 d5 2.exd5 Qxd5 3.Nc3 Qd8 4.d4 c6 5.g3 g6 6.h3 Bg7 7.Nf3 Be6 8.Bg2 Qc8
9.Ne4 Nf6 10.Nc5 Bd5 11.O-O O-O 12.Qe2 Nbd7 13.Nd3 c5 14.dxc5 Nxc5 15.Nxc5 Qxc5
16.Re1 b5 17.Be3 Qc4 18.Qxc4 bxc4 19.Rad1 e6 20.Bd4 Rac8 21.Bxf6 Bxf6 22.Ne5 Bxg2
23.Kxg2 Rc7 24.Rd4 Rb8 25.b3 cxb3 26.cxb3 Rb5 27.Rde4 Rc2 28.Ng4 Kg7  1/2-1/2

[Event "JUG-ch op"]
[Site "Nis"]
[Date "1996.??.??"]
[Round "2"]
[White "Batricevic, Sasa"]
[Black "Vukovic, Zdravko"]
[Result "0-1"]
[WhiteElo "2225"]
[BlackElo "2475"]

1.e4 d5 2.exd5 Qxd5 3.Nc3 Qd8 4.d4 c6 5.Bc4 Nf6 6.Nf3 b5 7.Bb3 e6 8.O-O Be7
9.Bg5 O-O 10.Re1 a5 11.a3 Nbd7 12.Ne5 Bb7 13.Qe2 Nxe5 14.dxe5 Nd7 15.Bxe7 Qxe7
16.Qh5 Nc5 17.Ne4 Nxe4 18.Rxe4 a4 19.Ba2 Rfd8 20.Rh4 h6 21.Rg4 Kh8 22.Rf4 Rd7
23.Re1 Rad8 24.h4 Kg8 25.Rg4 Kh7 26.c3 g6 27.Bb1 Rd3 28.Rxg6 fxg6 29.Qg4 h5  0-1

[Event "JUG-ch op"]
[Site "Nis"]
[Date "1996.??.??"]
[Round "3"]
[White "Kosanovic, Goran A"]
[Black "Terzic, Goran"]
[Result "1-0"]
[WhiteElo "2420"]
[BlackElo "2295"]

1.e4 d5 2.exd5 Qxd5 3.Nc3 Qd6 4.d4 Nf6 5.Nf3 Bg4 6.h3 Bh5 7.g4 Bg6 8.Ne5 Nbd7
9.Nxg6 hxg6 10.Qf3 c6 11.Be3 e6 12.O-O-O Qc7 13.Bc4 Nb6 14.Bb3 Bd6 15.h4 Nbd5
16.Bxd5 Nxd5 17.Ne4 O-O-O 18.c4 Nxe3 19.fxe3 Qe7 20.g5 Bc7 21.a3 Rd7 22.Nc5 Rdd8
23.Rdf1 Rhf8 24.Qe4 e5 25.Rd1 f5 26.gxf6 gxf6 27.Qxg6 Kb8 28.Qf5 Rfe8 29.h5 exd4
30.exd4 Qe3+ 31.Kb1 Rxd4 32.Rxd4 Qxd4 33.h6 Bd6 34.Qd7  1-0

[Event "ESP-chT"]
[Site "Oropesa del Mar"]
[Date "1996.??.??"]
[Round "4"]
[White "Mellado Trivino, Juan"]
[Black "Hernando, Antonio"]
[Result "1/2-1/2"]
[WhiteElo "2455"]
[BlackElo "2240"]

1.e4 d5 2.exd5 Qxd5 3.Nc3 Qd8 4.d4 Nf6 5.Bc4 c6 6.Nf3 Bf5 7.Ne5 e6 8.O-O Nbd7
9.Bf4 Be7 10.Bb3 Nxe5 11.Bxe5 O-O 12.Ne2 Ng4 13.Ng3 Nxe5 14.Nxf5 exf5 15.dxe5 g6
16.Qe2 Qc7 17.e6 fxe6 18.Rad1 Kg7 19.Qxe6 Rad8 20.Rxd8 Qxd8 21.Re1 Bf6 22.c3 Qc8
23.Qc4 Qc7 24.g3 Rd8 25.Qe6  1/2-1/2

[Event "Pamplona9697"]
[Site "Pamplona"]
[Date "1996.??.??"]
[Round "5"]
[White "Ponomariov, Ruslan"]
[Black "Garcia Ilundain, David"]
[Result "1-0"]
[WhiteElo "2550"]
[BlackElo "2520"]

1.e4 d5 2.exd5 Qxd5 3.Nc3 Qd8 4.d4 Nf6 5.Nf3 c6 6.Bc4 Bf5 7.Ne5 e6 8.g4 Bg6
9.h4 Bb4 10.Rh3 Nbd7 11.Qe2 Nb6 12.h5 Be4 13.Bf4 Qxd4 14.Rd1 Bd3 15.Rhxd3 Qxf4
16.Rd4 Qh2 17.Nxf7 O-O 18.Bxe6 Nbd5 19.Qe5 Qg2 20.Rxb4 Nxb4 21.Rd8 Nxc2+
22.Ke2 Qg1 23.Qd6 Qe1+ 24.Kd3 Re8 25.Rxa8 Nb4+ 26.Kc4  1-0

[Event "Komercni Banka op"]
[Site "Pardubice"]
[Date "1996.??.??"]
[Round "3"]
[White "Majer, Jiri"]
[Black "Heinzel, Olaf"]
[Result "0-1"]
[WhiteElo "2205"]
[BlackElo "2310"]

1.e4 d5 2.exd5 Qxd5 3.Nc3 Qd6 4.d4 a6 5.Nf3 Nf6 6.Be2 Nbd7 7.O-O e6 8.g3 Nb6
9.Bf4 Qd8 10.Ne5 Nbd5 11.Nxd5 Nxd5 12.Bd2 c5 13.c4 Nf6 14.Be3 cxd4 15.Bxd4 Be7
16.Qa4+ Bd7 17.Nxd7 Qxd7 18.Qxd7+ Kxd7 19.Rfd1 Kc8 20.Bf3 Rd8 21.c5 g6 22.b4 Nd5
23.a3 Rd7 24.Rac1 Kc7 25.Be2 Bf6 26.Rc4 Rad8 27.Bxf6 Nxf6 28.Rb1 Rd4 29.Rcc1 Rd2
30.Bf3 R8d3 31.Bg2 Rxa3 32.b5 Nd5 33.bxa6 Rxa6 34.Rb3 Raa2 35.Bxd5 Rxd5 36.Rcb1 Ra7
37.Rb5 Rd2 38.Kg2 Rda2 39.Rb6 R2a5 40.Rd6 Rxc5 41.Rbd1 Rd5 42.R1xd5 exd5
43.Rxd5 Kc6 44.Rd8 b5 45.Rc8+ Rc7 46.Re8 b4  0-1

[Event "Porto San Giorgio op"]
[Site "Porto San Giorgio"]
[Date "1996.??.??"]
[Round "?"]
[White "Giaccio, Alfredo"]
[Black "Malakhov, Vladimir"]
[Result "0-1"]
[WhiteElo "2470"]
[BlackElo "2535"]

1.e4 d5 2.exd5 Qxd5 3.Nc3 Qd8 4.Bc4 Nf6 5.Nf3 e6 6.d4 Be7 7.Qe2 c6 8.a4 Nbd7
9.O-O O-O 10.Re1 Nb6 11.Bd3 Nbd5 12.Nxd5 cxd5 13.c3 b6 14.Ne5 Bb7 15.Qf3 Ne4
16.Qh3 f5 17.f3 Nd6 18.g3 Rc8 19.Qf1 Bf6 20.a5 Rc7 21.axb6 axb6 22.Ba6 Qc8
23.Bxb7 Rxb7 24.Nd3 g5 25.Qe2 Re8 26.Ne5 h5 27.Rf1 Rg7 28.h3 Rf8 29.Kg2 Re8
30.Ra4 Bxe5 31.dxe5 Nc4 32.Rb4 Qc7 33.Re1 Ra8 34.b3 Na5 35.Rb5 g4 36.fxg4 hxg4
37.h4 Qc6 38.Kh2 Nb7 39.b4 Nd8 40.Be3 Rga7 41.Rxb6 Qxc3 42.Bd2 Qc7 43.Qe3 f4
44.Qf2 Ra2 45.Rd6 Qc2 46.Re2 f3 47.Qe3 Qf5 48.Rf2 Nf7 49.Rb6 Ra1 50.Rc6 Qxe5
51.Rxe6 Qxe3 52.Bxe3 Re1 53.Bd4 Rxe6  0-1

[Event "CRO-ch"]
[Site "Pula"]
[Date "1996.??.??"]
[Round "?"]
[White "Sale, Srdjan"]
[Black "Vukelic, Tomislav"]
[Result "1/2-1/2"]
[WhiteElo "2440"]
[BlackElo "2310"]

1.e4 d5 2.exd5 Qxd5 3.Nc3 Qd8 4.d4 g6 5.Nf3 Nf6 6.Bc4 Bg7 7.O-O O-O 8.h3 Nc6
9.Re1 Nd7 10.Bd5 Nb6 11.Bxc6 bxc6 12.Bg5 Re8 13.Qc1 Bf5 14.Bh6 Bxd4 15.Rd1 c5
16.Ne2 Qc8 17.Nexd4 cxd4 18.Rxd4 e5 19.Rd1 f6 20.c4 Qe6 21.b3 Rad8 22.Qe3 Qc6
23.Rac1 a5 24.Rxd8 Rxd8 25.Nxe5 fxe5 26.Qxe5 Qd7 27.Qxa5 Ra8 28.Qb4 Re8 29.Qc3 Nc8
30.a4 Nd6 31.Rd1 Qf7 32.a5 Bc8 33.Bc1 Ne4 34.Qe3 Nd6 35.Qd4 Re4 36.Qc5 Bb7
37.Bb2 Qe7 38.Kh2 Qf7 39.Kg1 Qe7 40.Bc3 Kf7 41.Rd3 Re6 42.Qd4 Be4 43.Rd2 Qf8
44.Qc5 Qe7 45.a6 Nf5 46.Qb5 Nd6 47.Qa5 Ba8 48.f3 Nf5 49.a7  1/2-1/2

[Event "Reykjavik op"]
[Site "Reykjavik"]
[Date "1996.??.??"]
[Round "7"]
[White "Rozentalis, Eduardas"]
[Black "Bronstein, David I"]
[Result "1/2-1/2"]
[WhiteElo "2605"]
[BlackElo "2455"]

1.e4 d5 2.exd5 Qxd5 3.Nc3 Qd6 4.d4 Nf6 5.Nf3 a6 6.Be2 e6 7.O-O Be7 8.Ne5 Nc6
9.Nxc6 Qxc6 10.Bf3 Qd6 11.g3 O-O 12.Bf4 Qd8 13.Qd2 Nd5 14.Rfe1 Nxf4 15.Qxf4 Rb8
16.Rad1 b5 17.Ne4 Bd6 18.Qe3 b4 19.Nc5 a5 20.Bg2 Bd7 21.f4 Bb5 22.a4 bxa3
23.bxa3 a4 24.Qc3 Qe7 25.Rb1 Rb6 26.Rb4 Rfb8 27.Qe3 Qe8 28.c3  1/2-1/2

[Event "BUL-ch"]
[Site "Sofia"]
[Date "1996.??.??"]
[Round "2"]
[White "Spasov, Vasil"]
[Black "Panbukchian, Valentin"]
[Result "1-0"]
[WhiteElo "2575"]
[BlackElo "2375"]

1.e4 d5 2.exd5 Qxd5 3.Nc3 Qd6 4.d4 Nf6 5.Nf3 a6 6.Ne5 Nc6 7.Nxc6 Qxc6 8.d5 Qd6
9.Bc4 b5 10.Bb3 Bb7 11.Bg5 O-O-O 12.Bxf6 exf6 13.O-O f5 14.Qf3 g6 15.Rad1 Bg7
16.Ne2 Qc5 17.c3 Rhe8 18.Nf4 Re4 19.Rfe1 Rde8 20.Rxe4 Rxe4 21.Bc2 Re7 22.Bb3 Bh6
23.Nd3 Qd6 24.Qh3 Bg7 25.Qxh7 Bf6 26.Qg8+ Qd8 27.Qxd8+ Kxd8 28.Nc5 Kc8 29.f4 Re2
30.Kf1 Rxb2 31.Re1 Rxb3 32.axb3 Bxd5 33.Re8+ Bd8 34.b4 c6 35.Rh8 Kc7 36.Nxa6+  1-0

[Event "SVK-chT9596"]
[Site "?"]
[Date "1996.??.??"]
[Round "10"]
[White "Kolcak, Marek"]
[Black "Petrik, Karol"]
[Result "1/2-1/2"]
[WhiteElo "2240"]
[BlackElo "2260"]

1.e4 d5 2.exd5 Qxd5 3.Nc3 Qd8 4.d4 Nf6 5.Nf3 Bg4 6.Be2 e6 7.h3 Bxf3 8.Bxf3 c6
9.a3 Qc7 10.O-O Be7 11.Qe2 O-O 12.Ne4 Rd8 13.c3 Nbd7 14.g3 e5 15.dxe5 Nxe5
16.Nxf6+ Bxf6 17.Be4 Re8 18.Re1  1/2-1/2

[Event "CRO-chT"]
[Site "Tucepi"]
[Date "1996.??.??"]
[Round "?"]
[White "Sale, Srdjan"]
[Black "Muse, Drazen"]
[Result "1-0"]
[WhiteElo "2440"]
[BlackElo "2335"]

1.e4 d5 2.exd5 Qxd5 3.Nc3 Qd6 4.Nf3 Nf6 5.d4 Bg4 6.h3 Bxf3 7.Qxf3 Nc6 8.Bb5 O-O-O
9.Bxc6 Qxc6 10.Qxc6 bxc6 11.Be3 e6 12.a3 Nd5 13.Ne2 c5 14.c4 Nxe3 15.fxe3 cxd4
16.exd4 c5 17.O-O-O cxd4 18.Nxd4 Bc5 19.Nf3 f6 20.b4 Be3+ 21.Kc2 e5 22.Rhe1 Bf2
23.Rf1 Be3 24.Rd3 Bf4 25.Nd4 Rhe8 26.Nf5 Rxd3 27.Kxd3 e4+ 28.Kd4 e3 29.Kd3 e2
30.Re1 g6 31.g3 Bc7 32.Ne3 Bxg3 33.Rxe2 Bf4 34.Nd5 Rxe2 35.Kxe2 Be5 36.Kd3 f5
37.a4 Kd7 38.a5 h5 39.b5 g5 40.a6 h4 41.c5 Bb8 42.Ke2 g4 43.Nf6+ Kc8 44.hxg4 h3
45.Kf3 h2 46.Kg2 fxg4 47.Nxg4 Bf4 48.Nf6 Be5 49.Nd5 Kb8 50.Ne7  1-0

[Event "Ubeda op"]
[Site "Ubeda"]
[Date "1996.??.??"]
[Round "?"]
[White "Borgo, Giulio"]
[Black "Bronstein, David I"]
[Result "1/2-1/2"]
[WhiteElo "2400"]
[BlackElo "2455"]

1.e4 d5 2.exd5 Qxd5 3.Nc3 Qd6 4.d4 Nf6 5.Nf3 a6 6.Ne5 Nc6 7.Nxc6 Qxc6 8.d5 Qd6
9.Be3 b5 10.Qd4 e5 11.dxe6 Bxe6 12.O-O-O Qxd4 13.Bxd4 Be7 14.Be2 O-O 15.Bf3 Rad8
16.h3 Nd7 17.Bg4 Bg5+ 18.Kb1 Bxg4 19.hxg4 c5 20.Ne4 cxd4 21.Nxg5 Nf6 22.f3 h6
23.Nh3 Rfe8 24.Rd2 Nd5 25.Nf2 Ne3 26.Nd3 Nc4 27.Rf2 a5 28.Rh5 b4 29.Rc5 Rc8
30.Rxc8 Rxc8 31.Re2 Ne3 32.Ne1 Rd8 33.Rd2 Nc4 34.Re2 Ne3 35.Rd2 Nc4 36.Re2 Ne3  1/2-1/2

[Event "Zaragoza-B op"]
[Site "Zaragoza"]
[Date "1996.??.??"]
[Round "?"]
[White "Mora Manez, Julio"]
[Black "Gines, Pedro"]
[Result "0-1"]
[WhiteElo "2150"]
[BlackElo "2155"]

1.e4 d5 2.exd5 Qxd5 3.Nc3 Qd8 4.d4 Nf6 5.Nf3 c6 6.Bc4 Bf5 7.O-O e6 8.Bg5 h6
9.Bf4 Bg4 10.Bb3 Bd6 11.Bg3 O-O 12.Qd3 Bxf3 13.gxf3 Bxg3 14.hxg3 Nbd7 15.Ne4 Nxe4
16.fxe4 Qg5 17.c3 Rad8 18.Rad1 Qg4 19.Rfe1 Ne5 20.Qe2 Nf3+ 21.Kg2 Nxe1+ 22.Qxe1 Rfe8
23.Rd3 Qg5 24.c4 c5 25.d5 exd5 26.cxd5 Qe5 27.Re3 Re7 28.Qe2 a6 29.a4 g5
30.Qh5 Kg7 31.Qe2 Rb8 32.Bc4 Qd4 33.e5 b5 34.axb5 axb5 35.Ba2 c4 36.d6 Re6
37.Re4 Qd5 38.f4 f5 39.exf6+ Kxf6  0-1